[Event "Berlin Lichtenberger op 18th"]
[Site "Berlin"]
[Date "2019.08.19"]
[Round "3"]
[White "Motsch, Sebastian"]
[Black "Kirves, Martin"]
[Result "1-0"]
[WhiteElo "1275"]
[BlackElo "1498"]
[PlyCount "65"]
[EventDate "2019.08.17"]
[EventType "swiss"]
[EventRounds "9"]
[EventCountry "GER"]
[SourceTitle "EXT 2020"]
[Source "ChessBase"]
[SourceDate "2019.10.17"]
[SourceVersion "1"]
[SourceVersionDate "2019.10.17"]
[SourceQuality "1"]

1. e4 e6 2. d4 d5 3. Nc3 Nf6 4. e5 Nfd7 5. f4 c5 6. Nf3 Nc6 7. Be3 Be7 8. Qd2 a6 9. dxc5 Nxc5 10. a3 b5 11. b4 Nd7 12. Qf2 0-0 13. Bd3 f6 14. Qg3 Qc7 15. Qh3 f5 16. Ne2 Nb6 17. 0-0 Nc4 18. Bd4 Nxd4 19. Nexd4 Bd7 20. Kh1 a5 21. c3 axb4 22. cxb4 Nxa3 23. Rac1 Nc4 24. Qh5 Qa7 25. g4 Ne3 26. Rg1 Nxg4 27. Rxg4 Be8 28. Qh3 Qa3 29. Rcg1 g6 30. R4g3 Qxd3 31. Ng5 Bxg5 32. Rxd3 Bxf4 33. Nxe6 1-0

[Event "Berlin Lichtenberger op 17th"]
[Site "Berlin"]
[Date "2018.08.23"]
[Round "6"]
[White "Motsch, Sebastian"]
[Black "Nguyen, Phuc Nhat"]
[Result "1/2-1/2"]
[WhiteElo "1292"]
[BlackElo "1255"]
[PlyCount "123"]
[EventDate "2018.08.18"]
[EventType "swiss"]
[EventRounds "9"]
[EventCountry "GER"]
[SourceTitle "CBM 186 Extra"]
[Source "ChessBase"]
[SourceDate "2018.08.24"]
[SourceVersion "1"]
[SourceVersionDate "2018.08.24"]
[SourceQuality "1"]

1. e4 e5 2. Nf3 Nf6 3. Nc3 Nc6 4. Bc4 Bc5 5. 0-0 d6 6. h3 Nd4 7. a3 a6 8. d3 h6 9. b4 Ba7 10. Bb2 g5 11. Nd5 Nc6 12. Nh2 h5 13. Qf3 Rh6 14. Ne3 g4 15. hxg4 hxg4 16. Nexg4 Rg6 17. Ne3 Be6 18. c3 Bxc4 19. Nxc4 Qd7 20. Ne3 0-0-0 21. Nf5 Ne7 22. d4 Nxf5 23. exf5 Rh6 24. dxe5 Rdh8 25. exf6 Rxh2 26. g3 Rh1+ 27. Qxh1 Rxh1+ 28. Kxh1 Qxf5 29. Kg2 Qxf6 30. Rae1 Kd7 31. Re4 Qf5 32. Rf4 Qd5+ 33. Kg1 Qb3 34. Ba1 c5 35. c4 cxb4 36. Rxf7+ Kc6 37. axb4 Qxg3+ 38. Kh1 Qh4+ 39. Kg2 Qe4+ 40. Rf3 d5 41. cxd5+ Kxd5 42. Rd1+ Kc6 43. Rdd3 b5 44. Bh8 Bb6 45. Kf1 Qxb4 46. Rc3+ Kd5 47. Rf5+ Kd6 48. Rcf3 Qb1+ 49. Ke2 b4 50. Rf6+ Kc5 51. R3f5+ Kc4 52. Rc6+ Kb3 53. Rf3+ Ka4 54. Rxb6 Qc2+ 55. Ke3 a5 56. Rh6 Ka3 57. Kf4+ b3 58. Rhh3 a4 59. Be5 Ka2 60. Re3 Qxf2+ 61. Ke4 Qc2+ 62. Kd4 1/2-1/2

[Event "Potsdam Christmas 35th"]
[Site "Potsdam"]
[Date "2010.12.30"]
[Round "7.48"]
[White "Wolff, Marie Antoinette"]
[Black "Motsch, Sebastian"]
[Result "1/2-1/2"]
[WhiteElo "1002"]
[BlackElo "973"]
[PlyCount "73"]
[EventDate "2010.12.27"]
[EventType "swiss"]
[EventRounds "7"]
[EventCountry "GER"]
[SourceTitle "EXT 2022"]
[Source "ChessBase"]
[SourceDate "2021.10.06"]
[SourceVersion "1"]
[SourceVersionDate "2021.10.06"]
[SourceQuality "1"]

1. e4 c6 2. d4 d5 3. Nc3 dxe4 4. Nxe4 Nd7 5. Qe2 e6 6. Bf4 Ngf6 7. 0-0-0 Nxe4 8. Qxe4 Nf6 9. Qe3 Nd5 10. Qg3 Nxf4 11. Qxf4 Bd6 12. Qe3 0-0 13. Nh3 Qb6 14. Bd3 g6 15. Be2 c5 16. dxc5 Bxc5 17. Qf3 Be7 18. Nf4 e5 19. Nd5 Bg5+ 20. Kb1 Qc6 21. h4 Bd8 22. h5 Bf5 23. Bd3 Bxd3 24. Rxd3 Rc8 25. c3 Re8 26. hxg6 Qxg6 27. Rh5 e4 28. Nf4 exf3 29. Nxg6 fxg2 30. Rg3 Re1+ 31. Kc2 g1Q 32. Rxg1 Rxg1 33. Ne5 Bb6 34. Nf3 Rg2 35. Kb3 Rxf2 36. Rg5+ Kf8 37. Ne5 1/2-1/2

[Event "Potsdam Christmas 35th"]
[Site "Potsdam"]
[Date "2010.12.29"]
[Round "5.49"]
[White "Sandbrand, Alexandru"]
[Black "Motsch, Sebastian"]
[Result "1-0"]
[WhiteElo "1374"]
[BlackElo "973"]
[PlyCount "109"]
[EventDate "2010.12.27"]
[EventType "swiss"]
[EventRounds "7"]
[EventCountry "GER"]
[SourceTitle "EXT 2022"]
[Source "ChessBase"]
[SourceDate "2021.10.06"]
[SourceVersion "1"]
[SourceVersionDate "2021.10.06"]
[SourceQuality "1"]

1. e4 c6 2. Nf3 d5 3. Nc3 d4 4. Ne2 c5 5. d3 Nc6 6. c3 e5 7. cxd4 cxd4 8. Nd2 Nb4 9. Nc4 Qc7 10. f4 Nc6 11. fxe5 b5 12. Na3 Qxe5 13. Bf4 Qc5 14. Qb3 Rb8 15. Bxb8 Nxb8 16. Qxb5+ Nc6 17. Rc1 Qb4+ 18. Qxb4 Bxb4+ 19. Kf2 Nge7 20. Nb5 Bd7 21. a3 Bd2 22. Nd6+ Kf8 23. Rc5 g6 24. Nb5 Be3+ 25. Kf3 Bh6 26. Nexd4 Nd8 27. Rc7 Be8 28. Nxa7 Bg5 29. Nc8 Ng8 30. Nc6 Nxc6 31. Nd6 Ne5+ 32. Ke2 Nf6 33. d4 Neg4 34. Kf3 Nh6 35. e5 Nd5 36. Bb5 Nxc7 37. Bxe8 Nxe8 38. Nxe8 Kxe8 39. b4 Rf8 40. d5 Bd8 41. Rc1 Nf5 42. Rc8 Ne7 43. Ra8 Nxd5 44. Ke4 Nb6 45. Rb8 Nd7 46. Rc8 Ke7 47. a4 Ke6 48. a5 f5+ 49. exf6 Nxf6+ 50. Kd3 Kd7 51. Ra8 Rf7 52. a6 Bb6 53. a7 Kc6 54. Rc8+ Kb7 55. a8Q# 1-0

[Event "Potsdam Christmas 35th"]
[Site "Potsdam"]
[Date "2010.12.28"]
[Round "3.45"]
[White "Motsch, Sebastian"]
[Black "Reyher, Susan"]
[Result "0-1"]
[WhiteElo "973"]
[BlackElo "1392"]
[PlyCount "90"]
[EventDate "2010.12.27"]
[EventType "swiss"]
[EventRounds "7"]
[EventCountry "GER"]
[SourceTitle "EXT 2022"]
[Source "ChessBase"]
[SourceDate "2021.10.06"]
[SourceVersion "1"]
[SourceVersionDate "2021.10.06"]
[SourceQuality "1"]

1. Nf3 Nc6 2. g3 e5 3. e4 Nf6 4. d3 Bc5 5. h3 d6 6. Bg2 Be6 7. b3 Qd7 8. Bb2 0-0-0 9. Nbd2 h6 10. Qe2 Nb4 11. Nf1 g5 12. Ne3 Rdg8 13. d4 exd4 14. Nxd4 Bxd4 15. Bxd4 Rg6 16. a3 Nc6 17. Bc3 a6 18. Nc4 Bxc4 19. Qxc4 b5 20. Qe2 Re8 21. 0-0-0 Re6 22. Rhe1 Qe7 23. f3 Nd7 24. a4 Na7 25. axb5 Nxb5 26. Bb4 Qf6 27. c4 Nc3 28. Bxc3 Qxc3+ 29. Qc2 Qb4 30. Qa2 Nc5 31. Re3 a5 32. Qd2 Nxb3+ 33. Rxb3 Qxb3 34. Qxa5 Qxc4+ 35. Kd2 Re5 36. Qa8+ Kd7 37. Bf1 Qd4+ 38. Ke2 Qb2+ 39. Ke1 Rc5 40. Qa4+ Ke7 41. Ba6 Qc3+ 42. Ke2 Ra5 43. Rd3 Qb2+ 44. Rd2 Qb6 45. Rd5 Rxa4 0-1

[Event "Potsdam Christmas 35th"]
[Site "Potsdam"]
[Date "2010.12.27"]
[Round "1.43"]
[White "Petrykowski, Reinhardt"]
[Black "Motsch, Sebastian"]
[Result "1-0"]
[WhiteElo "1913"]
[BlackElo "973"]
[PlyCount "81"]
[EventDate "2010.12.27"]
[EventType "swiss"]
[EventRounds "7"]
[EventCountry "GER"]
[SourceTitle "EXT 2022"]
[Source "ChessBase"]
[SourceDate "2021.10.06"]
[SourceVersion "1"]
[SourceVersionDate "2021.10.06"]
[SourceQuality "1"]

1. e4 c6 2. d4 d5 3. exd5 cxd5 4. Nf3 Nf6 5. Bd3 e6 6. 0-0 Bd6 7. c4 0-0 8. Nc3 Bc7 9. Bg5 g6 10. Nb5 Nbd7 11. cxd5 exd5 12. Nxc7 Qxc7 13. Re1 Re8 14. Rxe8+ Nxe8 15. Qd2 Ndf6 16. Rc1 Qd6 17. Bf4 Qf8 18. Bh6 Ng7 19. h3 Qd6 20. Bf4 Qf8 21. Rc7 Ne6 22. Bh6 Qe8 23. Rc1 Bd7 24. Re1 Qd8 25. Bb1 Bc6 26. Ng5 Qd6 27. Nxe6 Ne4 28. Bxe4 dxe4 29. Nf4 Re8 30. d5 Bb5 31. Qe3 f5 32. Qd4 Re5 33. Rc1 Bd7 34. Qc5 Qf6 35. h4 Re8 36. Bg5 Qf7 37. Qd6 e3 38. fxe3 Rxe3 39. Rc7 Re7 40. Qxe7 Qxe7 41. Bxe7 1-0

[Event "Potsdam Christmas 34th"]
[Site "Potsdam"]
[Date "2009.12.27"]
[Round "2.28"]
[White "Motsch, Sebastian"]
[Black "Schrodt, Horst"]
[Result "0-1"]
[WhiteElo "1045"]
[BlackElo "1708"]
[PlyCount "68"]
[EventDate "2009.12.27"]
[EventType "swiss"]
[EventRounds "7"]
[EventCountry "GER"]
[SourceTitle "EXT 2022"]
[Source "ChessBase"]
[SourceDate "2021.10.06"]
[SourceVersion "1"]
[SourceVersionDate "2021.10.06"]
[SourceQuality "1"]

1. e4 c6 2. d4 d5 3. Nc3 dxe4 4. Qe2 Qxd4 5. Qxe4 Qxe4+ 6. Nxe4 Bf5 7. Bd3 Bxe4 8. Bxe4 Nf6 9. Bd3 e6 10. Nf3 Be7 11. Be3 Nbd7 12. 0-0-0 h6 13. Rd2 Nd5 14. Bd4 Bf6 15. Re1 Bxd4 16. Nxd4 0-0 17. g3 Rac8 18. f4 Nc5 19. Bf1 Rfd8 20. Bh3 Rc7 21. f5 exf5 22. Nxf5 Ne6 23. Red1 Rf8 24. Bg2 Nf6 25. g4 g6 26. Nxh6+ Kh7 27. Nf5 gxf5 28. gxf5 Nf4 29. Rg1 Rg8 30. Rf2 Nh3 31. Rf3 Nxg1 32. Rf2 Re7 33. b3 Re2 34. Rf4 Rexg2 0-1